000
00291nam a22001217a 4500
003
ASAB
005
20180827062558.0
008
151110t xxu||||| |||| 00| 0 eng d
040
_c
ASAB
100
_a
Agnieszka Kraj
_9
4135
245
_a
Proteomics
_c
Edited by Agnieszka Kraj
942
_2
ddc
_c
BK
999
_c
479898
_d
479898